000 00633nam a22002177a 4500
999 _c5276
_d5276
003 OSt
005 20250902100642.0
008 250902b ||||| |||| 00| 0 eng d
040 _cKH8
082 _aFIC KIR
100 _aKirby, Katie,
_eauthor.
245 _aLottie Brooks VS the Ultra Mean Girls /
_cKatie Kirby.
260 _aUK ;
_bPenguin Random House .
_c2025.
300 _a384 pages :
_billustrations ;
_c20 cm.
490 _aLottie Brooks
_vbook 8
650 _aFriendship
_vfiction
650 _aschool stories
_vfiction
650 _aSocial Themes
_vfiction
650 _aSchool and education
_vfiction
942 _2ddc
_cFIC